Saggio di esercizi di versione latina della Divina Commedia, ossia aggiunta alla 3. ed. dei Trecento temi italiani per versioni.

Gespeichert in:
Bibliographische Detailangaben
1. Verfasser: Perosino, Gian Severino.
Format: Buch
Sprache:Italienisch
Erschienen: Torino Bellardi 1868
Katalog:EDISCO:  Suchergebnis im Bibliothekskatalog
Schulbuchspezifische Eigenschaften:
Tags: Tag hinzufügen
Keine Tags, Fügen Sie den ersten Tag hinzu!
Hinzugefügt zu:30.04.2016
Geändert in:18.10.2017

MARC

LEADER 00000aam a22000007 4500
001 06426
003 OSt
005 20171018095114.0
008 160501s1868 it 000 0 ita
040 |c Gianfranco Bandini - Firenze - CLIO 
041 1 |a ita 
100 1 |a Perosino, Gian Severino. 
245 0 0 |a Saggio di esercizi di versione latina della Divina Commedia, ossia aggiunta alla 3. ed. dei Trecento temi italiani per versioni. 
260 |a Torino  |b Bellardi  |c 1868 
300 |a 16, 1/x ;  
901 |a 7 
942 |2 ddc  |c BK 
546 |a ita 
999 |c 6415  |d 6415 
999 |c edisco:6415  |d 6415